|
|
|
|
| LEADER |
00000nam a2200000 a 4500 |
| 001 |
UCQ9250 |
| 003 |
CL-VaPUC |
| 008 |
981230e19790000FR |||||||||||||||||fre|d |
| 082 |
0 |
4 |
|a 516
|b SEN
|2 21
|
| 100 |
0 |
|
|a Sénéchal, Brigitte
|e author
|9 423739
|
| 245 |
1 |
0 |
|a Géométrie classique et mathématiques modernes
|
| 300 |
|
|
|a 290 p
|
| 942 |
|
|
|c BK
|
| 945 |
|
|
|d 19981230 00:00:00
|a crobeson
|
| 260 |
|
|
|a París
|b Hermann
|c 1979
|
| 650 |
|
0 |
|a Geometría
|9 264063
|
| 650 |
|
0 |
|a Matemática
|9 260235
|
| 650 |
|
0 |
|a Geometría plana
|9 265855
|
| 650 |
|
0 |
|a Figuras geométricas
|9 347994
|
| 583 |
|
|
|a last modification
|c 19981230 00:00:00
|k Rodrigo Vera
|
| 999 |
|
|
|c 278328
|d 278326
|
| 952 |
|
|
|0 0
|1 0
|4 0
|6 516_000000000000000_SEN_1979
|7 0
|8 A
|9 316817
|a BIBMAT
|b BIBMAT
|d 2019-11-20
|i 1313924
|o 516 SEN 1979
|p 1313924
|r 2025-01-07
|w 2019-11-20
|y BK
|k MAT
|